000 00645nam a2200217 a 4500
001 000001808
005 20200929145717.0
008 090629s2009 cu a 001 spa d
020 _a9789592113367
040 _aDO-SdBNP
082 _axxx
_bC355s
100 1 _aCastro Espin, Alejandro
_95876
245 1 0 _aSeguridad Trasnacional, Antiterrorismo y Crisis Global en el Tercer Milenio /
_cAlejandro Castro Espin.
246 0 _aImperio del terror
260 _aLa Habana, :
_b2009.
300 _a310 p. :
_bil ;
_c22 cm.
500 _aIncluye datos biograficos
500 _aIncluye indice
500 _aIncluye bibliografia
049 _aBNPD
999 _c1685
_d1685